T20 Leagues by Logo - Statistics

General Stats
  • This quiz has been taken 30 times
  • The average score is 5 of 8
Answer Stats
Picture Answer % Correct
Indian Premier League
95%
Big Bash League
86%
Major League Cricket
62%
Pakistan Super League
57%
International League T20
48%
SA20
48%
Caribbean Premier League
43%
Champions League T20
14%
No matching quizzes found
Score Distribution
Percent of People with Each Score
Percentile by Number Answered
Your Score History
You have not taken this quiz